| 000 | 00764cab a2200241 4500 | ||
|---|---|---|---|
| 001 | ABS56711 | ||
| 008 | 090401t1997 xxu||||| |||| 00| 0 eng d | ||
| 035 | _a(Sirsi) u77049 | ||
| 041 | _aeng | ||
| 100 | _aJohn, C. | ||
| 245 | _aWaste regulation in the Environment Agency | ||
| 260 | _c1997 | ||
| 350 | _a0 | ||
| 490 |
_aWaste Planning _v(22) March 1997, 3-6(4) |
||
| 520 | _aOutlines the prgress made since the establishement of the Environment Agency following the transfer of waste regulations from local authotiry control. | ||
| 650 | _aENVIRONMENT AGENCY | ||
| 650 | _aPOLLUTION | ||
| 650 | _aSPECIAL WASTE REGULATIONS 1996 | ||
| 650 | _aWASTE REGULATIONS | ||
| 690 | _aENVIRONMENTAL AND LAND CONSULTANCY | ||
| 942 | _n0 | ||
| 948 | _c12/03/1997 | ||
| 999 |
_c48417 _d48417 |
||